Statistics for Countries Allowing Polygamy

Click here to take the quiz!

General Stats

  • This quiz has been taken 84 times
    (76 since last reset)
  • The average score is 39 of 50

Answer Stats

#Country% Correct
32Pakistan
97%
49Yemen
95%
21Kuwait
94%
30Nigeria
94%
31Oman
94%
2Algeria
92%
17Iran
92%
18Iraq
92%
28Morocco
92%
34Qatar
92%
11Egypt
91%
22Libya
91%
36Saudi Arabia
91%
42Sudan
91%
7Chad
89%
19Jordan
88%
26Mali
88%
44Syria
88%
48United Arab Emirates
88%
15Indonesia
86%
40South Sudan
86%
1Afghanistan
85%
3Bahrain
85%
16India
85%
23Lebanon
85%
24Malaysia
83%
9Republic of the Congo
83%
20Kenya
82%
27Mauritania
80%
4Bangladesh
78%
10Djibouti
78%
6Brunei
77%
14Guinea
74%
37Senegal
74%
50Zambia
74%
8Central African Republic
72%
13Gambia
71%
47Uganda
71%
46Tanzania
69%
45Togo
68%
25Maldives
66%
12Gabon
65%
5Bhutan
63%
38Singapore
62%
29Myanmar
60%
41Sri Lanka
58%
33Philippines
54%
43Swaziland
43%
35Sao Tome and Principe
38%
39Solomon Islands
18%

Score Distribution

Percentile by Number Answered

Percent of People with Each Score

Your Score History

You have not taken this quiz since the last reset